000 02144nam a2200241Ia 4500
999 _c51686
_d51686
001 18677
003 GE_BSU
005 20220919164840.0
008 181216s2013||||ge |||||||||||||| ||geo||
040 _cGE_BSU
041 _ageo
080 _a 57 ც-96
100 _aცქვიტინიძე, სოფიკო
_911589
245 _aტუბერკულოზის სენსიტიურ და რეზისტენტურ ფორმებთან სისხლის ჯგუფური ანტიგენების (ABO Rb-hr MN, Kell) ასოცირების და დაავადებულთა ჰუმორული იმუნური სტატუსის შესწავლა საქართველოში მცხოვრებ პოპულაციებში: დისერტაცია /
_cსოფიკო ცქვიტინიძე; სამეცნიერო ხელმძღვანელი რ. ხუხუნაიშვილი, კ. ვაჭარაძე; ბათუმის შოთა რუსთაველის სახ-ფო უნ-ტი.
264 _aბათუმი,
_c2013.
300 _a165 გვ.;
_b30 სმ.
653 _aბიოლოგია
653 _aდისერტაცია
653 _aტუბერკულოზის სენსიტიურ და რეზისტენტურ ფორმებთან სისხლის ჯგუფური ანტიგენების (ABO Rb-hr MN, Kell) ასოცირების და დაავადებულთა ჰუმორული იმუნური სტატუსის შესწავლა საქართველოში მცხოვრებ პოპულაციებში
700 _aხუხუნაიშვილი, რ.
_eსამეცნიერო ხელმძღვანელი
_911590
700 _aვაჭარაძე, კ.
_eსამეცნიერო ხელმძღვანელი
_911591
942 _cBK
_2udc